| 000 | 00386nam a22001337a 4500 | ||
|---|---|---|---|
| 999 |
_c1993 _d1993 |
||
| 008 | 200210b ||||| |||| 00| 0 eng d | ||
| 020 | _a0849337097 | ||
| 100 |
_91599 _aShackelford, James F. |
||
| 245 | 1 | 0 |
_aCRC practical handbook of material selection _cby James F. Shackelford |
| 260 |
_aBoca Raton _bCRC Press _c1995 |
||
| 300 | _axii,625p. | ||
| 650 | 0 | _aMaterials Science | |
| 942 | _cBK | ||